مكتبة جامعة عجلون الوطنية

فهرس بحث المكتبة

Normal view MARC view
  • المخزومي ، عمر محمود

Entry Personal Name

Number of records used in: 1

001 - CONTROL NUMBER

  • control field: 26714

003 - CONTROL NUMBER IDENTIFIER

  • control field: JO-AjAnu

005 - DATE AND TIME OF LATEST TRANSACTION

  • control field: 20230606074540.0

008 - FIXED-LENGTH DATA ELEMENTS

  • fixed length control field: 230606|| aca||aabn | a|a d

040 ## - CATALOGING SOURCE

  • Original cataloging agency: JO-AjAnu
  • Transcribing agency: JO-AjAnu

100 ## - HEADING--PERSONAL NAME

  • Personal name: المخزومي ، عمر محمود

670 ## - SOURCE DATA FOUND

  • Source citation: Work cat.: (JO-AjAnu)13723: المخزومي ، عمر محمود , author, القانون الدولي الإنساني في ضوء المحكمة الجنائية الدولية